000
00236nam a2200097Ia 4500
001
915189
005
20250826185829.0
008
250824s9999 xx 000 0 und d
245
0
_a
ÇIRAK
_c
ŞERMİN YAŞAR
260
_b
TAZE KİTAP YAYINLARI
999
_c
915189
_d
915189